000 00296nam a22001337a 4500
008 171018b xxu||||| |||| 00| 0 eng d
020 _a9781886939127
041 _aeng
080 _a338
100 _a53
101 _aMNG
245 _aCOLLABORATIVE CREATIVITY
_cRICCHIUTO, J
942 _2udc
_cBK
999 _c34583
_d34583